Pääkaupunkeja vesialueiden mukaan - Statistics

Yleistilastot
  • Tätä visaa on pelattu 518 kertaa
  • Keskiarvotulos 12 / 20
Vastaustilastot
Vesialue Pääkaupungit % Oikein
Thames Lontoo
97%
Seine Pariisi
95%
Juutinrauma Kööpenhamina
82%
Tonava Wien | Budapest | Belgrad | Bratislava
81%
Dnepr Kiova
69%
Jaavanmeri Jakarta
62%
Tiber Rooma
62%
Amstel Amsterdam
61%
Tigris Bagdad
60%
Potomac Washington DC
57%
Kongo Brazzaville | Kinshasa
55%
Kaspianmeri Baku
54%
Meksikonlahti Havanna
54%
Río de la Plata Buenos Aires | Montevideo
53%
Veiksel Varsova
50%
Liffey Dublin
45%
Mekong Vientiane | Phnom Penh
41%
Victorianjärvi Kampala
38%
Han Soul
35%
Adeninlahti Djibouti
27%
Ehtoja vastaavia visoja ei löytynyt
Tulosjakauma
Jokaisen tuloksen saaneiden osuus
Persentiili vastausten määrän mukaan
Tuloshistoriasi
Et ole pelannut tätä visaa